<?xml version="1.0" encoding="UTF-8"?>
<record
    xmlns:xsi="http://www.w3.org/2001/XMLSchema-instance"
    xsi:schemaLocation="http://www.loc.gov/MARC21/slim http://www.loc.gov/standards/marcxml/schema/MARC21slim.xsd"
    xmlns="http://www.loc.gov/MARC21/slim">

  <leader>00990nam a22002537a 4500</leader>
  <controlfield tag="005">20090213105347.0</controlfield>
  <controlfield tag="008">090212t        xxu||||| |||| 00| 0 eng d</controlfield>
  <datafield tag="010" ind1=" " ind2=" ">
    <subfield code="a">TEL-4960</subfield>
  </datafield>
  <datafield tag="020" ind1=" " ind2=" ">
    <subfield code="c">Rs.40.00</subfield>
  </datafield>
  <datafield tag="035" ind1=" " ind2=" ">
    <subfield code="a">TL-3967</subfield>
  </datafield>
  <datafield tag="037" ind1=" " ind2=" ">
    <subfield code="b">DBAD / PUB</subfield>
  </datafield>
  <datafield tag="040" ind1=" " ind2=" ">
    <subfield code="a">dpl</subfield>
    <subfield code="b">Telugu</subfield>
  </datafield>
  <datafield tag="082" ind1=" " ind2=" ">
    <subfield code="a">170</subfield>
  </datafield>
  <datafield tag="100" ind1=" " ind2=" ">
    <subfield code="a">&#xC1A;&#xC3F;&#xC28;&#xC4D;&#xC28;&#xC2F;&#xC38;&#xC42;&#xC30;&#xC3F;, &#xC2A;&#xC30;&#xC35;&#xC38;&#xC4D;&#xC24;&#xC41;</subfield>
  </datafield>
  <datafield tag="245" ind1=" " ind2=" ">
    <subfield code="a">&#xC28;&#xC40;&#xC24;&#xC3F; &#xC1A;&#xC02;&#xC26;&#xC4D;&#xC30;&#xC3F;&#xC15; /</subfield>
    <subfield code="c">&#xC2A;&#xC30;&#xC35;&#xC38;&#xC4D;&#xC24;&#xC41; &#xC1A;&#xC3F;&#xC28;&#xC4D;&#xC28;&#xC2F;&#xC38;&#xC42;&#xC30;&#xC3F;</subfield>
  </datafield>
  <datafield tag="246" ind1=" " ind2=" ">
    <subfield code="a">Niti chandrika  /</subfield>
    <subfield code="b">Paravastu chinnayasuri</subfield>
  </datafield>
  <datafield tag="260" ind1=" " ind2=" ">
    <subfield code="a">&#xC35;&#xC3F;&#xC1C;&#xC2F;&#xC35;&#xC3E;&#xC21;</subfield>
    <subfield code="b">&#xC15;&#xC4D;&#xC35;&#xC3E;&#xC32;&#xC3F;&#xC1F;&#xC40; &#xC2A;&#xC2C;&#xC4D;&#xC32;&#xC3F;&#xC37;&#xC30;&#xC4D;&#xC38;&#xC4D;</subfield>
    <subfield code="c">2008</subfield>
  </datafield>
  <datafield tag="270" ind1=" " ind2=" ">
    <subfield code="a">&#xC30;&#xC3E;&#xC2E;&#xC2E;&#xC02;&#xC26;&#xC3F;&#xC30;&#xC02; &#xC35;&#xC40;&#xC27;&#xC3F;</subfield>
    <subfield code="b">&#xC35;&#xC3F;&#xC1C;&#xC2F;&#xC35;&#xC3E;&#xC21;</subfield>
    <subfield code="e">520 002</subfield>
  </datafield>
  <datafield tag="300" ind1=" " ind2=" ">
    <subfield code="a">166 &#xC2A;&#xC47;.</subfield>
    <subfield code="c">18 &#xC38;&#xC46;.&#xC2E;&#xC40;.</subfield>
  </datafield>
  <datafield tag="650" ind1=" " ind2=" ">
    <subfield code="2">&#xC28;&#xC40;&#xC24;&#xC41;&#xC32;&#xC41;</subfield>
  </datafield>
  <datafield tag="650" ind1=" " ind2=" ">
    <subfield code="2">Ethics </subfield>
  </datafield>
  <datafield tag="942" ind1=" " ind2=" ">
    <subfield code="2">ddc</subfield>
    <subfield code="c">TL</subfield>
    <subfield code="h">170</subfield>
    <subfield code="m">/CHI</subfield>
  </datafield>
  <datafield tag="999" ind1=" " ind2=" ">
    <subfield code="c">23609</subfield>
    <subfield code="d">23609</subfield>
  </datafield>
  <datafield tag="952" ind1=" " ind2=" ">
    <subfield code="0">0</subfield>
    <subfield code="1">0</subfield>
    <subfield code="2">ddc</subfield>
    <subfield code="4">0</subfield>
    <subfield code="7">0</subfield>
    <subfield code="a">DBAD</subfield>
    <subfield code="b">DBAD</subfield>
    <subfield code="d">2009-02-13</subfield>
    <subfield code="g">40.00</subfield>
    <subfield code="l">0</subfield>
    <subfield code="o">170 /CHI</subfield>
    <subfield code="p">TL-3967</subfield>
    <subfield code="r">2009-02-13 00:00:00</subfield>
    <subfield code="v">40.00</subfield>
    <subfield code="w">2009-02-13</subfield>
    <subfield code="y">TL</subfield>
  </datafield>
</record>
